| 000 | 00680nam a22001937a 4500 | ||
|---|---|---|---|
| 005 | 20230719071330.0 | ||
| 008 | 230719b |||||||| |||| 00| 0 eng d | ||
| 020 | _a978-971-821-421-3 | ||
| 082 | _aFil. 793.307 Q7 2019 | ||
| 100 |
_aQuipse, Felino I. _eauthor |
||
| 245 |
_aRhythm and dance: _bphysical education 2 / _cFelino I. Quipse, Marilyn Javier-Esteban, Jennifer L. Amaranto |
||
| 260 |
_aMalabon City: _bMutya Publishing House, _cc2019 |
||
| 300 |
_a145p.: _bill. |
||
| 504 | _aIncludes bibliographies | ||
| 541 | _e7306 c.1, 7307 c.2, 7308 c.3 | ||
| 650 | _aDance - Study and teaching | ||
| 700 |
_aEsteban, Marilyn J. _eauthor |
||
| 700 |
_aAmaranto, Jennifer L. _eauthor |
||
| 999 |
_c2209 _d2209 |
||